Intelligence requirements for the 1980s / 3 Counterintelligence
| Format: | Print Book |
|---|---|
| Language: | English |
| Published: |
Washington, D.C.
National Strategy Information Center
1980
|
| In: |
Intelligence requirements for the 1980s
Year: 1980 |
| Availability in Tübingen: | Present in Tübingen. UB: KB 15 A 655-3 |
| Check availability: | HBZ Gateway |
| Subito Delivery Service: | Order now. |
MARC
| LEADER | 00000cam a22000002cc4500 | ||
|---|---|---|---|
| 001 | 1097972577 | ||
| 003 | DE-627 | ||
| 005 | 20220514160139.0 | ||
| 007 | tu | ||
| 008 | 920410s1980 xx ||||| 00| ||eng c | ||
| 035 | |a (DE-627)1097972577 | ||
| 035 | |a (DE-576)027972577 | ||
| 035 | |a (DE-599)BSZ027972577 | ||
| 035 | |a (OCoLC)311384443 | ||
| 040 | |a DE-627 |b ger |c DE-627 |e rakwb | ||
| 041 | |a eng | ||
| 245 | 0 | 0 | |a Intelligence requirements for the 1980s |n 3 |p Counterintelligence |c ed. by Roy Godson. [Hrsg.:] Consortium for the Study of Intelligence |
| 264 | 1 | |a Washington, D.C. |b National Strategy Information Center |c 1980 | |
| 300 | |a IX, 339 S. | ||
| 336 | |a Text |b txt |2 rdacontent | ||
| 337 | |a ohne Hilfsmittel zu benutzen |b n |2 rdamedia | ||
| 338 | |a Band |b nc |2 rdacarrier | ||
| 773 | 1 | 8 | |a Intelligence requirements for the 1980s |w (DE-627)1097972410 |w (DE-576)027972410 |g 3 |q 3 |7 nnam |
| 951 | |a MV | ||
| ELC | |b 1 | ||
| LOK | |0 000 xxxxxcx a22 zn 4500 | ||
| LOK | |0 001 2183353287 | ||
| LOK | |0 003 DE-627 | ||
| LOK | |0 004 1097972577 | ||
| LOK | |0 005 19920410000000 | ||
| LOK | |0 008 920410||||||||||||||||ger||||||| | ||
| LOK | |0 040 |a DE-21 |c DE-627 |d DE-21 | ||
| LOK | |0 852 |a DE-21 | ||
| LOK | |0 852 1 |c KB 15 A 655-3 |9 00 | ||
| LOK | |0 935 |a krim | ||
| LOK | |0 939 |a 10-04-92 |b l01 | ||
| ORI | |a SA-MARC-krimdoka001.raw | ||
| SIG | |a UB: KB 15 A 655-3 | ||
